000 00439nam a2200181Ia 4500
005 20240823005010.0
008 240823s9999||||xx |||||||||||||| ||und||
041 _aENGLISH
082 _A658.2 N6
100 _aChakkaravarthy G
245 0 _aEngineering Economics and Management
250 _a2nd
260 _c1996
_b"Monisha,Madras"
500 _aYES
650 _aManagement
_bManagement Studies
942 _cBK
999 _c154462
_d154462